Statistics for States of Ethiopia

Click here to take the quiz!

General Stats

  • This quiz has been taken 69 times
  • The average score is 7 of 11

Answer Stats

State% Correct
9Somali
87%
11Tigray
83%
3Amhara
80%
1Addis Ababa
73%
2Afar
73%
8Oromia
63%
6Gambela
57%
7Harari
50%
5Dire Dawa
40%
4Benishangul-Gumuz
37%
10SNNPR
27%

Score Distribution

Percentile by Number Answered

Percent of People with Each Score

Your Score History

You have not taken this quiz